Normal view
MARC view
- Shenkman. Martin M.
Entry Personal Name
001 - CONTROL NUMBER
- control field: 43555
003 - CONTROL NUMBER IDENTIFIER
- control field: OSt
005 - DATE AND TIME OF LATEST TRANSACTION
- control field: 20210820100415.0
008 - FIXED-LENGTH DATA ELEMENTS
- fixed length control field: 210820|| aca||aabn | a|a d
040 ## - CATALOGING SOURCE
- Original cataloging agency: OSt
- Transcribing agency: OSt
100 ## - HEADING--PERSONAL NAME
- Personal name: Shenkman. Martin M.
670 ## - SOURCE DATA FOUND
- Source citation: Work cat.: (OSt): Shenkman. Martin M., Financial planning must drive estate planning decisions, and CPAs must lead the way/, ©2016.
